000 00211 a2200085 4500
020 _a9783966800242
100 _aTANJA C. VOLLMER
245 _aBUILDING TO HEAL. NEW ARCHITECTURE FOR HOSPITALS
260 _bARCHITANGLE
999 _c13091
_d13091